[Event "SenWM Bad Zwischenahn"]
[Site "?"]
[Date "2008.??.??"]
[Round "?"]
[White "Kaufman, Larry C"]
[Black "Sorensen, Bent"]
[Result "1-0"]
[WhiteElo "2390"]
[BlackElo "2170"]
[PlyCount "45"]
[EventDate "2008.??.??"]

1. d4 Nf6 2. c4 e6 3. Nc3 Bb4 4. Qc2 d5 5. cxd5 exd5 6. Bg5 c5 7. dxc5 Nc6 8.
e3 d4 9. O-O-O Bxc5 10. Bxf6 gxf6 11. exd4 Be7 12. d5 Nb4 13. Qa4+ Bd7 14. Bb5
Bxb5 15. Qxb5+ Qd7 16. Qxd7+ Kxd7 17. a3 Na6 18. d6 Bxd6 19. Ne4 Rac8+ 20. Kb1
Rc6 21. Nf3 Ke7 22. Nd4 Rb6 23. Nxf6 1-0

[Event "SenWM Bad Zwischenahn"]
[Site "?"]
[Date "2008.??.??"]
[Round "?"]
[White "Pekun, Cem"]
[Black "Gaspariants, Garry"]
[Result "1/2-1/2"]
[WhiteElo "2125"]
[BlackElo "2275"]
[PlyCount "40"]
[EventDate "2008.??.??"]

1. d4 Nf6 2. c4 e6 3. Nc3 Bb4 4. Bg5 c5 5. d5 Bxc3+ 6. bxc3 d6 7. e3 e5 8. Bd3
Nbd7 9. Ne2 h6 10. Bxf6 Nxf6 11. Ng3 h5 12. h3 h4 13. Ne2 g5 14. Qc2 Qe7 15. f3
Nh5 16. Bf5 Bxf5 17. Qxf5 Ng7 18. Qc2 f5 19. Rb1 O-O 20. Kd2 f4 1/2-1/2

[Event "SenWM Bad Zwischenahn"]
[Site "?"]
[Date "2008.??.??"]
[Round "?"]
[White "Klein, Manfred"]
[Black "Mentink, Toon"]
[Result "1/2-1/2"]
[WhiteElo "2230"]
[BlackElo "1880"]
[PlyCount "23"]
[EventDate "2008.??.??"]

1. e4 d5 2. exd5 Nf6 3. d4 Nxd5 4. Be2 Bf5 5. Nf3 Nc6 6. O-O e6 7. Bg5 Be7 8.
Bxe7 Qxe7 9. Nbd2 O-O-O 10. c3 g5 11. Nc4 h5 12. Nfe5 1/2-1/2

[Event "SenWM Bad Zwischenahn"]
[Site "?"]
[Date "2008.??.??"]
[Round "?"]
[White "Luft, Helga"]
[Black "Butnorius, Algimantas"]
[Result "0-1"]
[WhiteElo "1800"]
[BlackElo "2435"]
[PlyCount "96"]
[EventDate "2008.??.??"]

1. d4 Nf6 2. c4 e6 3. Nc3 Bb4 4. Bd2 O-O 5. Qc2 d5 6. e3 c5 7. dxc5 Bxc5 8. Nf3
Nc6 9. a3 d4 10. exd4 Nxd4 11. Nxd4 Qxd4 12. Be3 Qe5 13. Qe2 b6 14. Bxc5 Qxc5
15. b4 Qd4 16. Qd3 Qe5+ 17. Be2 Ba6 18. O-O Bxc4 19. Qxc4 Rac8 20. Qa2 Qxc3 21.
Ba6 Rc7 22. Qe2 Rd8 23. Rfd1 Rxd1+ 24. Qxd1 Nd5 25. h3 g6 26. g3 Qb2 27. Bd3
Nc3 28. Qf1 Rd7 29. Ba6 Rd2 30. Re1 Qxa3 31. Qc4 Nd5 32. Bb7 Qf3 33. Rf1 a5 34.
bxa5 bxa5 35. Qb5 Qc3 36. Qe8+ Kg7 37. Qa8 Qb4 38. Bc6 Nc3 39. Qa7 Nb5 40. Qe3
Nd4 41. Qe5+ Kg8 42. Ba8 a4 43. Kg2 a3 44. Qf4 a2 45. Rc1 Nc2 46. h4 Qa5 47.
Bc6 a1=Q 48. Rxa1 Qxa1 0-1

[Event "SenWM Bad Zwischenahn"]
[Site "?"]
[Date "2008.??.??"]
[Round "?"]
[White "Gudat, Alfons"]
[Black "Sorokin, Valentin"]
[Result "1/2-1/2"]
[WhiteElo "2045"]
[BlackElo "2325"]
[PlyCount "51"]
[EventDate "2008.??.??"]

1. Nf3 Nf6 2. d4 e6 3. c4 b6 4. g3 Bb7 5. Bg2 Bb4+ 6. Nbd2 O-O 7. O-O d5 8. a3
Be7 9. b3 Nbd7 10. Bb2 c5 11. e3 cxd4 12. exd4 a6 13. Rc1 Rc8 14. Qe2 Rc7 15.
Ne5 Qa8 16. cxd5 Rxc1 17. Rxc1 Nxe5 18. dxe5 Nxd5 19. Ne4 Rd8 20. f4 h6 21. h3
Rc8 22. Rxc8+ Qxc8 23. Kh2 a5 24. Nd6 Bxd6 25. exd6 Qd7 26. Qg4 1/2-1/2

[Event "SenWM Bad Zwischenahn"]
[Site "?"]
[Date "2008.??.??"]
[Round "?"]
[White "Hartoch, Robert G"]
[Black "Hutchings, Frank"]
[Result "1/2-1/2"]
[WhiteElo "2195"]
[BlackElo "2010"]
[PlyCount "47"]
[EventDate "2008.??.??"]

1. Nf3 Nf6 2. g3 g6 3. b3 Bg7 4. Bb2 O-O 5. Bg2 d5 6. c4 e6 7. O-O Nbd7 8. Qc2
Re8 9. d3 c6 10. Nbd2 Nh5 11. d4 f5 12. Ne5 Nxe5 13. dxe5 Bh6 14. f4 g5 15. e3
g4 16. c5 Bd7 17. b4 Bf8 18. Nb3 Ng7 19. Bd4 h5 20. a4 h4 21. Rfb1 a6 22. Bc3
Be7 23. Be1 Kf7 24. Nd4 1/2-1/2

[Event "SenWM Bad Zwischenahn"]
[Site "?"]
[Date "2008.??.??"]
[Round "?"]
[White "Bondick, Karl_Heinz"]
[Black "Piastowski, Kurt"]
[Result "1-0"]
[WhiteElo "2175"]
[BlackElo "1995"]
[PlyCount "41"]
[EventDate "2008.??.??"]

1. d4 d5 2. e4 dxe4 3. Nc3 Nf6 4. f3 exf3 5. Nxf3 Bg4 6. h3 Bh5 7. g4 Bg6 8.
Ne5 Nbd7 9. Qe2 c6 10. h4 h6 11. Nxg6 fxg6 12. Qd3 Qc7 13. Qxg6+ Kd8 14. Rh3 e5
15. Be3 exd4 16. Bxd4 Qf4 17. Ne2 Qxg4 18. Bxf6+ Nxf6 19. O-O-O+ Kc8 20. Qf7
Bc5 21. Rb3 1-0

[Event "SenWM Bad Zwischenahn"]
[Site "?"]
[Date "2008.??.??"]
[Round "?"]
[White "Ashby, Anthony"]
[Black "Husser, Oskar"]
[Result "1-0"]
[WhiteElo "2150"]
[BlackElo "1975"]
[PlyCount "21"]
[EventDate "2008.??.??"]

1. d4 Nf6 2. c4 e5 3. dxe5 Ng4 4. Nf3 Bc5 5. e3 Nc6 6. Be2 Ngxe5 7. O-O d6 8.
b3 Bf5 9. Nd4 Bg6 10. Nc3 a6 11. f4 1-0

[Event "SenWM Bad Zwischenahn"]
[Site "?"]
[Date "2008.??.??"]
[Round "?"]
[White "Gierse, Heinz_Dieter Dr"]
[Black "Burreh, Heinz"]
[Result "1-0"]
[WhiteElo "2145"]
[BlackElo "1955"]
[PlyCount "57"]
[EventDate "2008.??.??"]

1. Nf3 Nf6 2. g3 c6 3. Bg2 g6 4. d3 d5 5. O-O Bg7 6. Nbd2 O-O 7. e4 dxe4 8.
dxe4 Bg4 9. h3 Be6 10. Qe2 Na6 11. c3 Qc8 12. Kh2 Nd7 13. Nd4 Nb6 14. Nxe6 Qxe6
15. a4 Rad8 16. a5 Nd7 17. h4 Ndc5 18. Bh3 Qd6 19. Nc4 Qd3 20. Qxd3 Rxd3 21.
Be3 Nxe4 22. Bxa7 Nd2 23. Nxd2 Rxd2 24. Rab1 Rfd8 25. Bb6 R8d6 26. Bc8 f5 27.
Bxb7 Nb8 28. a6 Nd7 29. Bc7 1-0

[Event "SenWM Bad Zwischenahn"]
[Site "?"]
[Date "2008.??.??"]
[Round "?"]
[White "Van Kemenade, Rudy"]
[Black "Stull, Norbert"]
[Result "0-1"]
[WhiteElo "1985"]
[BlackElo "2140"]
[PlyCount "76"]
[EventDate "2008.??.??"]

1. f4 c5 2. Nf3 Nc6 3. g3 g6 4. Bg2 Bg7 5. d3 e6 6. O-O Nge7 7. c3 O-O 8. Qe1
b5 9. g4 Rb8 10. Qh4 d5 11. Ng5 h6 12. Nh3 Bd7 13. e4 dxe4 14. dxe4 f5 15. gxf5
exf5 16. e5 b4 17. Be3 Qa5 18. Rd1 Be8 19. Qf2 bxc3 20. Nxc3 Nd4 21. Bxd4 cxd4
22. Qxd4 Rxb2 23. Nf2 Bf7 24. Nd5 Nxd5 25. Qxb2 Nxf4 26. Qd2 Qxd2 27. Rxd2 Bxe5
28. Rb1 Rc8 29. Rb7 Rc1+ 30. Nd1 Bd4+ 31. Kf1 Bc4+ 32. Ke1 Bc3 33. Bf3 Nd3+ 34.
Ke2 Nc5+ 35. Ke3 Bxd2+ 36. Kxd2 Rxd1+ 37. Kxd1 Nxb7 38. Bxb7 Bxa2 0-1

[Event "SenWM Bad Zwischenahn"]
[Site "?"]
[Date "2008.??.??"]
[Round "?"]
[White "Sevenyuk, Alexey"]
[Black "Hocevar, Nicola"]
[Result "0-1"]
[WhiteElo "1970"]
[BlackElo "2110"]
[PlyCount "43"]
[EventDate "2008.??.??"]

1. e4 c5 2. Nf3 Nc6 3. d4 cxd4 4. Nxd4 g6 5. c4 Nf6 6. Nc3 Nxd4 7. Qxd4 d6 8.
Be2 Bg7 9. O-O O-O 10. h3 Be6 11. Qe3 a6 12. Rb1 Rc8 13. Nd5 Re8 14. Rd1 Nxe4
15. Nf4 Nc5 16. b4 Bf5 17. Rb2 Na4 18. Rbd2 Nc3 19. Re1 Nxe2+ 20. Rdxe2 Rxc4
21. Qb3 b5 22. Bb2 0-1

[Event "SenWM Bad Zwischenahn"]
[Site "?"]
[Date "2008.??.??"]
[Round "?"]
[White "Schwarz, Werner"]
[Black "Jürgens, Peter"]
[Result "1-0"]
[WhiteElo "1925"]
[BlackElo "2060"]
[PlyCount "51"]
[EventDate "2008.??.??"]

1. e4 e6 2. d4 d5 3. Nd2 c5 4. Ngf3 Nf6 5. e5 Nfd7 6. c3 Nc6 7. Bd3 cxd4 8.
cxd4 Be7 9. O-O a5 10. a4 Nb4 11. Bb1 b6 12. Re1 Ba6 13. Nf1 Bxf1 14. Rxf1 Qc7
15. Bd2 Rc8 16. Ra3 Qd8 17. Rc3 Nf8 18. Qe2 Nd7 19. Rfc1 Ra8 20. Qb5 O-O 21.
Rc7 Nb8 22. Bxb4 Bxb4 23. Qxb6 Na6 24. R7c6 Qd7 25. Qb5 Rfb8 26. Rxa6 1-0

[Event "SenWM Bad Zwischenahn"]
[Site "?"]
[Date "2008.??.??"]
[Round "?"]
[White "Masich, Vladimir"]
[Black "Stock, Hugo"]
[Result "1-0"]
[WhiteElo "2055"]
[BlackElo "1645"]
[PlyCount "33"]
[EventDate "2008.??.??"]

1. d4 d5 2. Nf3 Nf6 3. e3 c6 4. c4 Bg4 5. Qb3 Qc8 6. Ne5 Nbd7 7. Nxg4 Nxg4 8.
cxd5 cxd5 9. Nc3 e6 10. Bd2 Be7 11. Rc1 Qb8 12. Nb5 Bd6 13. Rc8+ Qxc8 14. Nxd6+
Ke7 15. Nxc8+ Rhxc8 16. Bb5 Ngf6 17. O-O 1-0

[Event "SenWM Bad Zwischenahn"]
[Site "?"]
[Date "2008.??.??"]
[Round "?"]
[White "Mietner, Franz"]
[Black "Zelkind, Natalya"]
[Result "1-0"]
[WhiteElo "1955"]
[BlackElo "1795"]
[PlyCount "23"]
[EventDate "2008.??.??"]

1. e4 e5 2. Nf3 Nc6 3. Bb5 a6 4. Ba4 Nf6 5. O-O d6 6. d4 b5 7. Bb3 exd4 8. Ng5
d5 9. exd5 Na5 10. Re1+ Be7 11. d6 Nxb3 12. Rxe7+ 1-0

[Event "SenWM Bad Zwischenahn"]
[Site "?"]
[Date "2008.??.??"]
[Round "?"]
[White "Böhm, Karl"]
[Black "Schwagrowski, Bernd"]
[Result "1-0"]
[WhiteElo "1900"]
[BlackElo "1630"]
[PlyCount "34"]
[EventDate "2008.??.??"]

1. d4 d5 2. Nf3 Bf5 3. e3 e6 4. Bd3 Ne7 5. O-O h6 6. Re1 Be4 7. Qe2 Nbc6 8. c3
Ng6 9. Nbd2 Bxd3 10. Qxd3 Bd6 11. e4 O-O 12. e5 Be7 13. Nf1 f6 14. Qxg6 fxe5
15. Qxe6+ Kh8 16. Nxe5 Nxe5 17. Rxe5 Rf6 1-0

[Event "SenWM Bad Zwischenahn"]
[Site "?"]
[Date "2008.??.??"]
[Round "?"]
[White "Haupt, Joachim"]
[Black "Kunze, Manfred"]
[Result "1-0"]
[WhiteElo "1890"]
[BlackElo "1625"]
[PlyCount "43"]
[EventDate "2008.??.??"]

1. e4 c5 2. c3 Nc6 3. d4 cxd4 4. cxd4 e6 5. Nc3 Bb4 6. Nf3 Nge7 7. Bd3 O-O 8.
O-O a6 9. Ne2 Ng6 10. Nf4 d6 11. Qb3 Ba5 12. Nxg6 fxg6 13. d5 Ne5 14. Nxe5 dxe5
15. dxe6 Qe7 16. Bc4 b5 17. Bd5 Rb8 18. Bg5 Rf6 19. Rac1 Bb7 20. Bxb7 Rxb7 21.
Rc8+ Bd8 22. Rxd8+ 1-0

[Event "SenWM Bad Zwischenahn"]
[Site "?"]
[Date "2008.??.??"]
[Round "?"]
[White "Onoprienko, Vladimir"]
[Black "Gutman, Lev"]
[Result "1-0"]
[WhiteElo "2330"]
[BlackElo "2485"]
[PlyCount "85"]
[EventDate "2008.??.??"]

1. e4 c5 2. Nc3 Nc6 3. Nf3 d6 4. d4 Bg4 5. d5 Nb8 6. h3 Bxf3 7. Qxf3 Nd7 8. Bb5
Ngf6 9. O-O a6 10. Bxd7+ Nxd7 11. a4 g6 12. Qe2 Bg7 13. f4 O-O 14. Be3 Qa5 15.
Ra3 Rac8 16. Kh2 Rfe8 17. Bd2 c4 18. Nd1 Qc5 19. Bc3 e6 20. Bxg7 Kxg7 21. dxe6
Rxe6 22. Qf3 Rce8 23. Nf2 Nf6 24. Re3 Ng8 25. Re2 Qb4 26. c3 Qxa4 27. Rd2 Qc6
28. Qe3 f5 29. g4 Nf6 30. gxf5 gxf5 31. Qd4 fxe4 32. Ng4 Qc5 33. Nxf6 Rxf6 34.
Rg2+ Kf7 35. Qd1 e3 36. Qf3 Re7 37. Rfg1 Rg6 38. Rg5 Qc6 39. Qh5 Ke8 40. f5 e2
41. fxg6 e1=Q 42. g7+ Kd7 43. Rxe1 1-0

[Event "SenWM Bad Zwischenahn"]
[Site "?"]
[Date "2008.??.??"]
[Round "?"]
[White "Jansa, Vlastimil"]
[Black "Altshul, Raffael"]
[Result "1-0"]
[WhiteElo "2475"]
[BlackElo "2340"]
[PlyCount "43"]
[EventDate "2008.??.??"]

1. e4 d6 2. d4 g6 3. Nc3 c6 4. Be3 Nf6 5. h3 b5 6. e5 Nfd7 7. exd6 b4 8. dxe7
Bxe7 9. Na4 O-O 10. Nf3 Nf6 11. Bc4 Nd5 12. Bh6 Re8 13. O-O Be6 14. Qd3 Nd7 15.
Rfe1 Qa5 16. Bb3 Bd6 17. Ng5 Nf4 18. Qf3 Bxb3 19. axb3 Qd5 20. Ne4 Ne6 21. c4
bxc3 22. Naxc3 1-0

[Event "SenWM Bad Zwischenahn"]
[Site "?"]
[Date "2008.??.??"]
[Round "?"]
[White "Agzamov, Vaycheslav"]
[Black "Danner, Georg"]
[Result "1/2-1/2"]
[WhiteElo "2305"]
[BlackElo "2435"]
[PlyCount "62"]
[EventDate "2008.??.??"]

1. d4 Nf6 2. c4 c5 3. d5 e6 4. Nc3 exd5 5. cxd5 Bd6 6. Nf3 O-O 7. Bg5 Re8 8. e3
a6 9. a4 Bc7 10. Be2 d6 11. O-O Nbd7 12. Qc2 Ba5 13. Rfd1 Qc7 14. Bh4 Rb8 15.
Nd2 Bxc3 16. bxc3 b5 17. axb5 axb5 18. c4 b4 19. Bg3 Ne5 20. e4 Qe7 21. Re1 g5
22. Nb3 Bd7 23. Ra7 Ra8 24. Rea1 Rxa7 25. Rxa7 Ng6 26. f3 Nh5 27. Na5 Nxg3 28.
hxg3 Rc8 29. Qb2 Qd8 30. Ra6 Qe7 31. Ra7 Qd8 1/2-1/2

[Event "SenWM Bad Zwischenahn"]
[Site "?"]
[Date "2008.??.??"]
[Round "?"]
[White "Jakobsen, Ole"]
[Black "Rooze, Jan"]
[Result "1-0"]
[WhiteElo "2350"]
[BlackElo "2315"]
[PlyCount "65"]
[EventDate "2008.??.??"]

1. d4 Nf6 2. c4 c5 3. d5 b5 4. cxb5 a6 5. e3 g6 6. Nc3 d6 7. Nf3 Bg7 8. a4 O-O
9. e4 axb5 10. Bxb5 Ba6 11. Bd2 Bxb5 12. axb5 Rxa1 13. Qxa1 Nbd7 14. O-O Nb6
15. Qa2 h6 16. Ra1 Nfd7 17. h3 Kh7 18. Qb1 e6 19. Qc2 exd5 20. exd5 Nf6 21. Ra6
Nfxd5 22. Nxd5 Nxd5 23. Qd3 Nb4 24. Bxb4 cxb4 25. Rxd6 Qc7 26. Rc6 Qe7 27. b3
Rd8 28. Qc4 Rd7 29. g3 Bc3 30. b6 Kg7 31. Rc7 Rd1+ 32. Kg2 Qf6 33. b7 1-0

[Event "SenWM Bad Zwischenahn"]
[Site "?"]
[Date "2008.??.??"]
[Round "?"]
[White "Westerinen, Heikki"]
[Black "Szenetra, Werner"]
[Result "1-0"]
[WhiteElo "2345"]
[BlackElo "2270"]
[PlyCount "63"]
[EventDate "2008.??.??"]

1. e4 g6 2. d4 d6 3. Nc3 Bg7 4. Be3 a6 5. f4 b5 6. Bd3 Bb7 7. Nf3 Nd7 8. a4 b4
9. Ne2 c5 10. c3 bxc3 11. bxc3 Ngf6 12. Ng3 h5 13. Ng5 Ng4 14. Bg1 cxd4 15.
cxd4 Qa5+ 16. Qd2 Qxd2+ 17. Kxd2 h4 18. Ne2 Bh6 19. Rb1 Bc8 20. h3 Ngf6 21. Be3
Nh5 22. Rhc1 e5 23. fxe5 dxe5 24. Bc4 exd4 25. Nxd4 O-O 26. Nxf7 Bxe3+ 27. Kxe3
Rxf7 28. Bd5 Nf4 29. Bxf7+ Kxf7 30. Kxf4 Nf8 31. Rc7+ Kg8 32. a5 1-0

[Event "SenWM Bad Zwischenahn"]
[Site "?"]
[Date "2008.??.??"]
[Round "?"]
[White "Lieb, Harald"]
[Black "Suba, Mihai"]
[Result "0-1"]
[WhiteElo "2235"]
[BlackElo "2530"]
[PlyCount "78"]
[EventDate "2008.??.??"]

1. Nf3 c5 2. g3 b6 3. Bg2 Bb7 4. O-O e6 5. c4 Nf6 6. Nc3 d6 7. d4 cxd4 8. Qxd4
a6 9. b3 Nbd7 10. Bb2 Be7 11. Rfd1 O-O 12. e4 Qc7 13. Rac1 Rac8 14. h3 Qb8 15.
Ne1 Rfd8 16. Qe3 Bf8 17. Kh2 Re8 18. f4 Ba8 19. Nd3 Red8 20. Qe2 h6 21. Rd2 b5
22. cxb5 axb5 23. a3 d5 24. e5 Ne4 25. Nxe4 dxe4 26. Nf2 Nc5 27. Rxd8 Rxd8 28.
b4 Nd3 29. Rc2 Nxf2 30. Qxf2 Rd3 31. Qe2 Qa7 32. Bc1 Qd4 33. Rd2 Bd5 34. Rxd3
exd3 35. Qd2 Bxg2 36. Kxg2 Be7 37. Bb2 Qe4+ 38. Kh2 Bd8 39. Qg2 Qxg2+ 0-1

[Event "SenWM Bad Zwischenahn"]
[Site "?"]
[Date "2008.??.??"]
[Round "?"]
[White "Cebalo, Miso"]
[Black "Rosino, Antonio"]
[Result "1-0"]
[WhiteElo "2490"]
[BlackElo "2280"]
[PlyCount "109"]
[EventDate "2008.??.??"]

1. c4 Nf6 2. Nc3 e5 3. Nf3 Nc6 4. d3 d5 5. cxd5 Nxd5 6. g3 Be7 7. Bg2 Be6 8.
O-O O-O 9. Bd2 Qd7 10. a3 Rad8 11. b4 Nxc3 12. Bxc3 f6 13. Rc1 a6 14. Bb2 Bd5
15. Qc2 Qe6 16. Nd2 Bxg2 17. Kxg2 Bd6 18. Qc4 Rfe8 19. e4 Qxc4 20. Nxc4 Bf8 21.
Rfd1 Rd7 22. Kf3 Nd8 23. d4 exd4 24. Bxd4 Ne6 25. Be3 Red8 26. Rxd7 Rxd7 27.
Ke2 c5 28. Nb6 Rc7 29. Nd5 Rc6 30. f4 cxb4 31. axb4 Rxc1 32. Bxc1 Kf7 33. Kd3
Ke8 34. g4 Kd7 35. Bd2 Bd6 36. h4 Kc6 37. g5 fxg5 38. hxg5 Nc7 39. Kd4 g6 40.
Nxc7 Bxc7 41. f5 gxf5 42. exf5 Kd7 43. Kd5 Ke7 44. Bc3 Kf7 45. Be5 Bd8 46. Bf4
Be7 47. Bd2 Bf8 48. f6 Kg6 49. Ke6 b6 50. Kd7 a5 51. Ke8 Bd6 52. bxa5 bxa5 53.
Bxa5 h6 54. f7 hxg5 55. Bd8 1-0

[Event "SenWM Bad Zwischenahn"]
[Site "?"]
[Date "2008.??.??"]
[Round "?"]
[White "Brinck_Claussen, Bjorn"]
[Black "Podgayets, Mykhaylo"]
[Result "1/2-1/2"]
[WhiteElo "2275"]
[BlackElo "2465"]
[PlyCount "36"]
[EventDate "2008.??.??"]

1. e4 c6 2. d4 d5 3. exd5 cxd5 4. c4 Nf6 5. Nc3 e6 6. Nf3 Bb4 7. cxd5 Nxd5 8.
Bd2 Nc6 9. Bd3 O-O 10. O-O Be7 11. a3 Bf6 12. Qc2 g6 13. Bh6 Re8 14. Rad1 Nxc3
15. bxc3 b6 16. Be4 Bb7 17. Ne5 Bxe5 18. dxe5 Qh4 1/2-1/2

[Event "SenWM Bad Zwischenahn"]
[Site "?"]
[Date "2008.??.??"]
[Round "?"]
[White "Bachmann, Karlheinz"]
[Black "Kapengut, Albert"]
[Result "1/2-1/2"]
[WhiteElo "2275"]
[BlackElo "2430"]
[PlyCount "49"]
[EventDate "2008.??.??"]

1. c4 c5 2. Nf3 Nf6 3. d4 cxd4 4. Nxd4 a6 5. Nc3 d5 6. cxd5 Nxd5 7. Nf3 Nxc3 8.
Qxd8+ Kxd8 9. bxc3 f6 10. e4 e5 11. Be3 Be6 12. Nd2 Nd7 13. Rb1 b5 14. Nb3 Rc8
15. Rc1 Ba3 16. Rc2 Ke7 17. Bd3 Rc7 18. Ke2 Rhc8 19. Kd2 Rc6 20. Rb1 Rd6 21.
Ke2 Nb6 22. Bxb6 Rxb6 23. Na5 Rd8 24. Bc4 Bc5 25. Bxe6 1/2-1/2

[Event "SenWM Bad Zwischenahn"]
[Site "?"]
[Date "2008.??.??"]
[Round "?"]
[White "Malmdin, Nils Åke"]
[Black "Khanukov, Boris"]
[Result "0-1"]
[WhiteElo "2270"]
[BlackElo "2395"]
[PlyCount "104"]
[EventDate "2008.??.??"]

1. e4 c5 2. Nf3 Nc6 3. d4 cxd4 4. Nxd4 g6 5. c4 Bg7 6. Nc2 Nf6 7. Nc3 d6 8. Be2
Be6 9. Bd2 O-O 10. O-O Rc8 11. f4 a6 12. Kh1 Bd7 13. b4 e5 14. fxe5 Nxe5 15.
Bg5 Be6 16. Ne3 h6 17. Bxf6 Bxf6 18. Ncd5 Bg7 19. Rc1 h5 20. Qe1 Qg5 21. Qf2
Kh8 22. a4 a5 23. b5 Nd7 24. Qe1 Nc5 25. Qxa5 Nb3 26. Qe1 Nxc1 27. Qxc1 Be5 28.
Qe1 Bd4 29. Bd3 b6 30. Nc2 Bc5 31. Qc3+ Qe5 32. Qd2 Bxd5 33. exd5 Qg7 34. a5
bxa5 35. Qxa5 f5 36. Qd2 Rce8 37. h3 Kh7 38. Rb1 f4 39. Rf1 Qe5 40. Qd1 Kh6 41.
Ne1 g5 42. Nf3 Qf6 43. Bb1 Qc3 44. b6 Bxb6 45. Qd3 Qxd3 46. Bxd3 g4 47. Nh4
gxh3 48. gxh3 Kg5 49. Ng6 Rf6 50. h4+ Kh6 51. Rxf4 Rxg6 52. Bxg6 Kxg6 0-1

[Event "SenWM Bad Zwischenahn"]
[Site "?"]
[Date "2008.??.??"]
[Round "?"]
[White "Neese, Hans_Joachim"]
[Black "Bogdanov, Valentin"]
[Result "0-1"]
[WhiteElo "2240"]
[BlackElo "2380"]
[PlyCount "86"]
[EventDate "2008.??.??"]

1. d4 Nf6 2. Nf3 g6 3. c4 Bg7 4. Nc3 d5 5. Bf4 O-O 6. e3 c5 7. Qb3 cxd4 8. Nxd4
Nc6 9. Nxc6 bxc6 10. Be2 Qa5 11. O-O e5 12. Bg3 d4 13. exd4 exd4 14. Qa4 Qb6
15. Nd1 Ne4 16. Bf4 c5 17. Bd3 Bb7 18. f3 Nf6 19. Nf2 Nh5 20. Bd2 Be5 21. Rfe1
Qc7 22. Ng4 Bd6 23. Qa5 Qb8 24. b4 f5 25. bxc5 Bc7 26. Nh6+ Kh8 27. Qb5 Bxh2+
28. Kf1 Ng3+ 29. Kf2 Ne4+ 30. Bxe4 fxe4 31. c6 Qg3+ 32. Ke2 Qxg2+ 33. Kd1 Qxf3+
34. Kc1 Qa3+ 35. Kd1 e3 36. cxb7 exd2 37. Nf7+ Kg7 38. Rf1 Rae8 39. Rb1 Re1+
40. Rxe1 dxe1=Q+ 41. Kxe1 Qe3+ 42. Kd1 Qd3+ 43. Kc1 Bf4+ 0-1

[Event "SenWM Bad Zwischenahn"]
[Site "?"]
[Date "2008.??.??"]
[Round "?"]
[White "Krueger, Erich"]
[Black "Donchenko, Anatoli"]
[Result "1/2-1/2"]
[WhiteElo "2245"]
[BlackElo "2370"]
[PlyCount "26"]
[EventDate "2008.??.??"]

1. d4 d5 2. c4 dxc4 3. e3 Nf6 4. Bxc4 e6 5. Nf3 c5 6. O-O a6 7. b3 b5 8. Be2
Bb7 9. a4 b4 10. Nbd2 Nbd7 11. Bb2 Be7 12. Rc1 O-O 13. Nc4 a5 1/2-1/2

[Event "SenWM Bad Zwischenahn"]
[Site "?"]
[Date "2008.??.??"]
[Round "?"]
[White "Mishuchkov, Nikolai"]
[Black "Haubt, Georg"]
[Result "1/2-1/2"]
[WhiteElo "2355"]
[BlackElo "2240"]
[PlyCount "52"]
[EventDate "2008.??.??"]

1. Nf3 d5 2. d4 Nc6 3. Bf4 Bg4 4. e3 e6 5. Be2 Bd6 6. Nbd2 Bxf4 7. exf4 Qf6 8.
g3 Bh3 9. c3 h6 10. Ne5 Nge7 11. Bg4 Bxg4 12. Nxg4 Qf5 13. h4 h5 14. Ne3 Qd3
15. Qb3 O-O-O 16. O-O-O Qa6 17. Rhe1 g6 18. Nf3 Nf5 19. Nxf5 gxf5 20. Ng5 Rd7
21. Kb1 Na5 22. Qa3 Qb6 23. Qc5 Nc4 24. Qxb6 axb6 25. Re2 Re7 26. Rde1 Nd6
1/2-1/2

[Event "SenWM Bad Zwischenahn"]
[Site "?"]
[Date "2008.??.??"]
[Round "?"]
[White "Zakharov, Alexander"]
[Black "Gerhardt, Peter_Michael"]
[Result "1-0"]
[WhiteElo "2410"]
[BlackElo "2155"]
[PlyCount "83"]
[EventDate "2008.??.??"]

1. e4 c5 2. Nf3 a6 3. c3 Nf6 4. e5 Nd5 5. d4 e6 6. c4 Nc7 7. Bg5 Be7 8. Bxe7
Qxe7 9. dxc5 Qxc5 10. Qd6 b6 11. Nc3 Ra7 12. Qxc5 bxc5 13. Ne4 Bb7 14. Nxc5
Bxf3 15. gxf3 Nc6 16. f4 Ke7 17. O-O-O Na8 18. Rg1 g6 19. Rg3 Rc8 20. Ne4 a5
21. Nd6 Rb8 22. Bg2 Nb6 23. Rb3 Rc7 24. Kb1 a4 25. Rh3 h5 26. c5 Nc8 27. Rhd3
N8a7 28. a3 Na5 29. Rd4 Rxc5 30. Rxa4 Nb5 31. Rb4 Nc4 32. Nb7 Ncxa3+ 33. bxa3
Nxa3+ 34. Kb2 Nc2 35. Rxd7+ Ke8 36. Nd6+ Kxd7 37. Rxb8 Nd4 38. Rb7+ Kd8 39.
Nxf7+ Ke8 40. Nd6+ Kf8 41. Be4 g5 42. Bh7 1-0

[Event "SenWM Bad Zwischenahn"]
[Site "?"]
[Date "2008.??.??"]
[Round "?"]
[White "Klovans, Janis"]
[Black "Ashby, Anthony"]
[Result "1-0"]
[WhiteElo "2410"]
[BlackElo "2150"]
[PlyCount "59"]
[EventDate "2008.??.??"]

1. e4 e6 2. d4 d5 3. Nc3 Nf6 4. Bg5 Bb4 5. e5 h6 6. Be3 Ne4 7. Qg4 Kf8 8. a3
Bxc3+ 9. bxc3 c5 10. Bd3 Nxc3 11. dxc5 Nc6 12. Nf3 f5 13. exf6 Qxf6 14. Qh5 e5
15. Bg6 Kg8 16. O-O Be6 17. Rae1 Bf7 18. Nh4 Re8 19. f4 e4 20. f5 d4 21. Bf4
Rd8 22. Bd2 Bc4 23. Rf4 Bd5 24. Bxc3 dxc3 25. Rfxe4 Bxe4 26. Rxe4 Rf8 27. Qe2
Nd8 28. Qc4+ Nf7 29. Nf3 Qd8 30. Ne5 1-0

[Event "SenWM Bad Zwischenahn"]
[Site "?"]
[Date "2008.??.??"]
[Round "?"]
[White "Stull, Norbert"]
[Black "Arkhangelsky, Boris"]
[Result "1-0"]
[WhiteElo "2140"]
[BlackElo "2325"]
[PlyCount "75"]
[EventDate "2008.??.??"]

1. d4 d5 2. Nf3 Nf6 3. c4 e6 4. Nc3 Bb4 5. a3 Bxc3+ 6. bxc3 O-O 7. e3 c5 8. Bd3
dxc4 9. Bxc4 Qc7 10. Ba2 Nc6 11. O-O e5 12. h3 b6 13. d5 Rd8 14. c4 e4 15. Nd2
Ne5 16. Bb2 Bf5 17. a4 Qe7 18. Bb1 Bg6 19. Qc1 Re8 20. Qc3 Rad8 21. Ra3 Rb8 22.
Bc2 a5 23. Rb3 Qd7 24. Rb5 Bf5 25. Qxe5 Rxe5 26. Bxe5 Re8 27. Bxf6 gxf6 28.
Rxb6 Bxh3 29. Nxe4 Rxe4 30. Bxe4 f5 31. Bf3 Bg4 32. Bxg4 fxg4 33. Rb5 Qe7 34.
g3 h5 35. Rd1 Qe4 36. d6 Qf3 37. Rd5 h4 38. d7 1-0

[Event "SenWM Bad Zwischenahn"]
[Site "?"]
[Date "2008.??.??"]
[Round "?"]
[White "Grinberg, Iosif"]
[Black "Limberg, Siegfried"]
[Result "1-0"]
[WhiteElo "2290"]
[BlackElo "2130"]
[PlyCount "49"]
[EventDate "2008.??.??"]

1. d4 Nf6 2. c4 e6 3. g3 c5 4. d5 exd5 5. cxd5 d6 6. Nc3 Be7 7. Bg2 O-O 8. Nf3
Re8 9. O-O Bg4 10. h3 Bh5 11. g4 Bg6 12. Nh4 Nfd7 13. Nxg6 hxg6 14. Bf4 Na6 15.
Qb3 b6 16. Nb5 Nf8 17. Qg3 Qd7 18. Nxd6 Bxd6 19. Bxd6 Rxe2 20. Bxf8 Rxf8 21.
Qd3 Rxb2 22. Qxa6 b5 23. Rab1 Rxb1 24. Rxb1 Rb8 25. Qc6 1-0

[Event "SenWM Bad Zwischenahn"]
[Site "?"]
[Date "2008.??.??"]
[Round "?"]
[White "Hohn, August"]
[Black "Kaminik, Alexander"]
[Result "0-1"]
[WhiteElo "2090"]
[BlackElo "2255"]
[PlyCount "72"]
[EventDate "2008.??.??"]

1. c4 Nf6 2. Nc3 g6 3. g3 Bg7 4. Bg2 O-O 5. Nf3 d6 6. O-O Nc6 7. d4 a6 8. Qc2
Rb8 9. Rd1 Bd7 10. h3 b5 11. cxb5 axb5 12. Bg5 b4 13. Bxf6 Bxf6 14. Nd5 Bg7 15.
Rac1 e6 16. Ne3 d5 17. Ng4 Ra8 18. a3 bxa3 19. bxa3 Rxa3 20. Nge5 Nxe5 21. Nxe5
Ba4 22. Qb2 Bxd1 23. Qxa3 Bxe2 24. Nc6 Qd6 25. Rc5 Bb5 26. Qc1 Bxc6 27. Rxc6
Qb4 28. Rxc7 Qxd4 29. Rc8 Qa1 30. Qxa1 Bxa1 31. Rxf8+ Kxf8 32. Kf1 Ke7 33. Ke2
Kd6 34. g4 e5 35. g5 Bb2 36. f4 e4 0-1

[Event "SenWM Bad Zwischenahn"]
[Site "?"]
[Date "2008.??.??"]
[Round "?"]
[White "Mueller, Rudolf"]
[Black "Keogh, Eamon"]
[Result "1-0"]
[WhiteElo "2230"]
[BlackElo "2075"]
[PlyCount "49"]
[EventDate "2008.??.??"]

1. e4 c5 2. Nf3 Nc6 3. d4 cxd4 4. Nxd4 e5 5. Nb5 d6 6. N1c3 a6 7. Na3 b5 8. Nd5
Nge7 9. Bg5 Be6 10. c4 f6 11. cxb5 fxg5 12. bxc6 Nxd5 13. exd5 Qa5+ 14. Qd2
Qxd2+ 15. Kxd2 Bxd5 16. Rc1 Be7 17. Nc4 Bxc4 18. Bxc4 Rf8 19. Be6 g4 20. Ke2
Bg5 21. Rc2 Ke7 22. Bxg4 d5 23. c7 Rfc8 24. h4 Bf6 25. Rc6 1-0